Aien garaia (Record no. 59887)

MARC details
000 -LEADER
campo de control de longitud fija 00462nam a2200145 i 4500
001 - NÚMERO DE CONTROL
campo de control 59887
003 - IDENTIFICADOR DE NÚMERO DE CONTROL
campo de control ES-MaACL
007 - CAMPO FIJO DE DESCRIPCIÓN FÍSICA--INFORMACIÓN GENERAL
campo de control de longitud fija t|
008 - DATOS DE LONGITUD FIJA--INFORMACIÓN GENERAL
campo de control de longitud fija 031031s1975 sp ||||1| baq d
100 1# - ENTRADA PRINCIPAL--NOMBRE DE PERSONA
Nombre de persona Erauskin Lujanbio, José Ramón.
9 (RLIN) 47354
245 10 - MENCIÓN DEL TÍTULO
Título Aien garaia
Resto del título : (San Isidro Saria, 1974) /
Mención de responsabilidad, etc. José Ramón Erauskin Lujanbio.
260 ## - PUBLICACIÓN, DISTRIBUCIÓN, ETC.
Lugar de publicación, distribución, etc. [S.l. :
Nombre del editor, distribuidor, etc. s.n.,
Fecha de publicación, distribución, etc. 1975] (
Lugar de fabricación/manufactura Zarauz :
Fabricante Itxaropena)
300 ## - DESCRIPCIÓN FÍSICA
Extensión 352 p. :
Otras características físicas il. ;
Dimensiones 22 cm.
852 ## - LOCALIZACIÓN
Ubicación ES-MaACL
Número de control de estantería E-8886
Sublocalización o colección R.93250
Holdings
Estatus retirado Estado de pérdida Estado de daño No para préstamo Biblioteca de origen Biblioteca actual Ubicación en estantería Fecha de adquisición Fuente de adquisición Total de préstamos Signatura topográfica completa Código de barras Visto por última vez Precio de reemplazo Tipo de ítem Koha
        Biblioteca del Ateneo de Madrid Biblioteca del Ateneo de Madrid Depósito 2 17/01/2008     E-8886 1062809 23/02/2023 23/02/2023 Libro impreso